Cálculo diferencial e integral; derivadas /
Guardado en:
| Autor Principal: | |
|---|---|
| Formato: | Libro |
| Publicado: |
Buenos Aires :
Docencia,
1980
|
| Materias: | |
| Etiquetas: |
Agregar Etiqueta
Sin Etiquetas, Sea el primero en etiquetar este registro!
|
| LEADER | 00828nam a22002175a 4500 | ||
|---|---|---|---|
| 001 | CEM.cems004684 | ||
| 005 | 20060217000000.0 | ||
| 008 | 130507s1980##################000#0#####d | ||
| 003 | CEMS | ||
| 082 | 0 | 4 | |a 517 |
| 100 | 1 | |a Noriega, Ricardo J. | |
| 245 | 1 | 0 | |a Cálculo diferencial e integral; derivadas / |
| 260 | |a Buenos Aires : |b Docencia, |c 1980 | ||
| 300 | |a 107 p. | ||
| 505 | 0 | |a Los numeros reales; Funciónes y su representación grafica; Limite de sucesiones; Series numericas; Geometria analitica plana; Limite de funciónes y continuidad; Derivadas; Integral definida; Calculo de primitivas; Convergencia uniforme y series de potencias | |
| 653 | |a Conicas | ||
| 653 | |a Continuidad | ||
| 653 | |a Derivadas | ||
| 653 | |a Geometria analitica | ||
| 653 | |a Limites | ||
| 859 | |a CEMS |b BIB. CEMS - 11 de abril |h 517 |i N774 |p 12856.83 |t Ej.1 | ||
